History trial Maulana Mohamed Ali and others (Record no. 542564)
[ view plain ]
| 000 -LEADER | |
|---|---|
| fixed length control field | 00438nam a22001457a 4500 |
| 082 ## - DEWEY DECIMAL CLASSIFICATION NUMBER | |
| Classification number | 347 |
| Author Mark | HIS |
| -- | L-32, P-20 |
| 100 ## - MAIN ENTRY--PERSONAL NAME | |
| Personal name | Akhtar, Rafique., |
| 9 (RLIN) | 37779 |
| 245 ## - TITLE STATEMENT | |
| Title | History trial Maulana Mohamed Ali and others |
| Remainder of title | History |
| 260 ## - PUBLICATION, DISTRIBUTION, ETC. | |
| Place of publication, distribution, etc. | Karachi |
| Name of publisher, distributor, etc. | East and west publishing company |
| Date of publication, distribution, etc. | 1971 |
| 300 ## - PHYSICAL DESCRIPTION | |
| Extent | viii, 418 p.: |
| 526 ## - STUDY PROGRAM INFORMATION NOTE | |
| Program name | 0 |
| Interest level | 0 |
| Reading level | 0 |
| Title point value | 347_000000000000000_HIS |
| 650 ## - SUBJECT ADDED ENTRY--TOPICAL TERM | |
| Topical term or geographic name entry element | MCE |
| 9 (RLIN) | 379 |
| 700 ## - ADDED ENTRY--PERSONAL NAME | |
| Personal name | Akhtar, Rafique., |
| 9 (RLIN) | 37779 |
| 942 ## - ADDED ENTRY ELEMENTS (KOHA) | |
| Source of classification or shelving scheme | |
| Koha item type | Book |
| Withdrawn status | Lost status | Source of classification or shelving scheme | Damaged status | Not for loan | Permanent Location | Current Location | Date acquired | Total Checkouts | Total Renewals | Full call number | Barcode | Date last seen | Date last checked out | Price effective from | Koha item type |
|---|---|---|---|---|---|---|---|---|---|---|---|---|---|---|---|
| Military College of Engineering (MCE) | Military College of Engineering (MCE) | 02/03/2014 | 1 | 1 | 347 HIS | MCE-3684 | 05/28/2014 | 05/27/2014 | 02/03/2014 | Book |
